书目信息 |
| 题名: |
岩石学
|
|
| 作者: | 都城秋穗 , 久城育夫 著 ;常子文 译 | |
| 分册: | ||
| 出版信息: | 北京 科学出版社 1984 |
|
| 页数: | 344页 | |
| 开本: | 25cm | |
| 丛书名: | ||
| 单 册: | ||
| 中图分类: | P58 | |
| 科图分类: | ||
| 主题词: | 岩石学 | |
| 电子资源: | ||
| ISBN: | ||
| 000 | 00714nam0 2200265 45 | |
| 001 | 0184009608 | |
| 005 | 20040524092721.8 | |
| 010 | @dCNY3.40 | |
| 091 | @a13031.2655 | |
| 100 | @a19950412d1984 emky0chiy0121 ea | |
| 101 | 1 | @achi@cjpn |
| 102 | @aCN@b110000 | |
| 105 | @ay z 000yy | |
| 106 | @ar | |
| 200 | 10 | @a岩石学@Ayan shi xue@f(日)都城秋穗,久城育夫著@g常子文译 |
| 210 | @a北京@c科学出版社@d1984 | |
| 215 | @a344页@d25cm | |
| 606 | @a岩石学 | |
| 690 | @aP58@v3 | |
| 701 | 0 | @a都城秋穗@Adu cheng qiu sui@4著 |
| 701 | 0 | @a久城育夫@Ajiu cheng yu fu@4著 |
| 702 | 0 | @a常子文@Achang zi wen@4译 |
| 801 | 0 | @aCN@b上海图书馆@c20040524 |
| 801 | 2 | @aCN@bNLC@c20040524 |
| 905 | @f2@b125028-029@dP58@e20 | |
| 岩石学/(日)都城秋穗,久城育夫著/常子文译.-北京:科学出版社,1984 |
| 344页;25cm |
| ISBN :CNY3.40 |
| ● |
| 相关链接 |
|
|
|
|
正题名:岩石学
索取号:P58/20
 
预约/预借
| 序号 | 登录号 | 条形码 | 馆藏地/架位号 | 状态 | 备注 |
| 1 | 0125028 | 000073556 | 第三借阅区/ [索取号:P58/20] | 在馆 | |
| 2 | 0125029 | 000073547 | 第三借阅区/ [索取号:P58/20] | 在馆 | |
| 3 | 0125030 | 202108325 | 第二样本阅览室/ [索取号:P58/20] | 在馆 |